书目信息 |
| 题名: |
城市节制用水规划原理与技术
|
|
| 作者: | 刘俊良 编著 | |
| 分册: | ||
| 出版信息: | 北京 化学工业出版社 2003 |
|
| 页数: | 351页 | |
| 开本: | 26cm | |
| 丛书名: | 环境科学与工程系列丛书 | |
| 单 册: | ||
| 中图分类: | TU991.64 | |
| 科图分类: | ||
| 主题词: | 城市用水--节约用水--规划--中国 , 城市用水 , 节约用水 | |
| 电子资源: | ||
| ISBN: | 7-5025-4362-7 | |
| 000 | 00939oam2 2200277 450 | |
| 001 | 012007207844 | |
| 005 | 20070517112856.98 | |
| 010 | @a7-5025-4362-7@dCNY50.00 | |
| 100 | @a20070508d2003 km y0chiy0120 ea | |
| 101 | 0 | @achi |
| 102 | @aCN@b110000 | |
| 105 | @aa z 000yy | |
| 106 | @ar | |
| 200 | 1 | @a城市节制用水规划原理与技术@Acheng shi jie zhi yong shui gui hua yuan li yu ji shu@f刘俊良编著@Fliu jun liang bian zhu |
| 210 | @a北京@c化学工业出版社@d2003 | |
| 215 | @a351页@c图@d26cm | |
| 225 | 2 | @a环境科学与工程系列丛书 |
| 330 | @a本书介绍了城市水资源的基本特征,提出城市节制用水的内涵和可持续城市水管理的基本概念,并阐释城市节水有关术语及考核标准等。 | |
| 461 | 0 | @12001 @a环境科学与工程系列丛书 |
| 606 | 0 | @a城市用水@x节约用水@x规划@y中国 |
| 606 | 0 | @a城市用水 |
| 606 | 0 | @a节约用水 |
| 690 | @aTU991.64@v4 | |
| 701 | 0 | @a刘俊良@Aliu jun liang@4编著 |
| 801 | 0 | @aCN@bRULIN@c20070517 |
| 905 | @dTU991.64@e352@s10 | |
| 城市节制用水规划原理与技术/刘俊良编著.-北京:化学工业出版社,2003 |
| 351页:图;26cm.-(环境科学与工程系列丛书) |
| ISBN 7-5025-4362-7:CNY50.00 |
| 本书介绍了城市水资源的基本特征,提出城市节制用水的内涵和可持续城市水管理的基本概念,并阐释城市节水有关术语及考核标准等。 |
| ● |
| 相关链接 |
|
|
|
|
正题名:城市节制用水规划原理与技术
索取号:TU991.64/352
 
预约/预借
| 序号 | 登录号 | 条形码 | 馆藏地/架位号 | 状态 | 备注 |
| 1 | 0578693 | 205786933 | 第二样本阅览室/ [索取号:TU991.64/352] | 在馆 | |
| 2 | 0578694 | 205786942 | 第三借阅区/ [索取号:TU991.64/352] | 在馆 | |
| 3 | 0578695 | 205786951 | 第三借阅区/ [索取号:TU991.64/352] | 在馆 | |
| 4 | 0578696 | 205786960 | 第三借阅区/ [索取号:TU991.64/352] | 在馆 | |
| 5 | 0578697 | 205786979 | 第三借阅区/ [索取号:TU991.64/352] | 在馆 | |
| 6 | 0578698 | 205786988 | 第三借阅区/ [索取号:TU991.64/352] | 在馆 | |
| 7 | 0578699 | 205786997 | 第三借阅区/ [索取号:TU991.64/352] | 在馆 | |
| 8 | 0578700 | 205787004 | 第三借阅区/ [索取号:TU991.64/352] | 在馆 | |
| 9 | 0578701 | 205787013 | 第三借阅区/ [索取号:TU991.64/352] | 在馆 | |
| 10 | 0578702 | 205787022 | 第三借阅区/ [索取号:TU991.64/352] | 在馆 |